| 000 | 00761nam a22002057a 4500 | ||
|---|---|---|---|
| 999 |
_c1396 _d1396 |
||
| 003 | AR-CdUCM | ||
| 008 | 190226b ||||| |||| 00| 0 spa d | ||
| 040 |
_aMUNICIPALIDAD PROVINCIAL DEL CUSCO _cBIBLIOTECA MUNICIPAL DEL CUSCO |
||
| 082 |
_a301.5 / _bR56 |
||
| 100 |
_aRiesman, David _95314 |
||
| 245 | _aCultura comercial,totalitarismo y ciencias sociales / | ||
| 260 |
_aArgentina : _bEdit.Paidos, _c1973. |
||
| 300 |
_a174 paginas ; _c18 cm. |
||
| 505 | _aEl totalitarismo --Los limites del poder totalitario --La guerra del Nylon --Problema metodológicos de las ciencias sociales ... | ||
| 650 |
_aPoder totalitario _95315 |
||
| 650 |
_aCiencias sociales _91096 |
||
| 650 |
_aSociedades urbana _95316 |
||
| 942 |
_2ddc _cLIBROS |
||
| 945 |
_arjall _d2019-02-06 |
||